[Event "Olympiad Women 2024"]
[Site "Budapest HUN"]
[Date "2024.09.20"]
[Round "9.8"]
[Board "1"]
[White "Roebers, Eline"]
[Black "Khademalsharieh, Sarasadat"]
[Result "0-1"]
[WhiteElo "2340"]
[BlackElo "2468"]
[PlyCount "78"]
[EventDate "2024.09.11"]
[WhiteTeam "Netherlands"]
[BlackTeam "Spain"]
[WhiteTeamCountry "NED"]
[BlackTeamCountry "ESP"]

1. e4 e5 2. Nf3 Nc6 3. Bb5 a6 4. Ba4 Nf6 5. O-O Be7 6. Re1 b5 7. Bb3 d6 8. c3 O-O 9. h3 Bb7 10. d4 Re8 11. Ng5 Rf8 12. Nf3 Re8 13. d5 Nb8 14. c4 $146 ({RR} 14. Nbd2 Nbd7 15. Nf1 Nc5 16. Bc2 c6 17. b4 Ncd7 18. dxc6 Bxc6 19. Bg5 h6 20. Bxf6 Nxf6 21. Ng3 Bf8 22. Bb3 Qc7 23. Rc1 Rad8 24. c4 Qb7 25. Qe2 bxc4 26. Bxc4 Bb5 27. a3 Rc8 28. Bxb5 {½-½ Ostrovskiy,A (2436)-Tang,A (2219) Chicago op 23rd 2014 (9)}) ({RR} 14. Nbd2 c6 15. Nf1 Nbd7 16. g4 cxd5 17. exd5 Nb6 18. Ne3 Bf8 19. Kh2 Rc8 20. Rg1 Rc5 21. g5 Nfxd5 22. Nf5 Qd7 23. Bc2 Nf4 24. Bxf4 exf4 25. Qd3 Be4 26. Nh6+ Kh8 27. Qd4 Bxc2 28. Rae1 Rxe1 {½-½ Zhou,L (1848)-Doll,R (1814) GER-ch blitz (Women) 2022 (17)}) ({RR} 14. Nbd2 Nbd7 15. Nf1 h6 16. Ng3 c6 17. dxc6 Bxc6 18. Bc2 Qc7 19. Nh2 Rad8 20. Nf5 Bf8 21. Qf3 Kh7 22. Ng4 Nxg4 23. hxg4 f6 24. g5 g6 25. Nxh6 Bxh6 26. Qh3 Nf8 27. gxf6 Kg8 28. Bxh6 Qh7 {1-0 Lampert,J (2299)-Lapp,K (2096) Winterthur op 12th 2012 (2)}) 14... Nbd7 15. Nbd2 Bf8 16. a4 Qb8 17. Ba2 Nc5 18. Qc2 bxa4 19. Rb1 Qd8 20. b4 axb3 21. Nxb3 Nxb3 22. Rxb3 Bc8 23. Be3 Bd7 24. Ra3 c6 25. c5 cxd5 26. exd5 e4 27. Nd2 dxc5 28. Bg5 Bf5 29. Nc4 h6 30. Bh4 g5 31. Bg3 Nxd5 32. Rd1 Nb4 33. Qe2 Qf6 34. Nd6 Bxd6 35. Rxd6 Qg7 36. Bc4 Rad8 37. Bxa6 Rxd6 38. Bxd6 Qd4 39. Bg3 Ra8 0-1

[Event "Olympiad Women 2024"]
[Site "Budapest HUN"]
[Date "2024.09.20"]
[Round "9.8"]
[Board "2"]
[White "Garcia Martin, Marta"]
[Black "Peng, Zhaoqin"]
[Result "1/2-1/2"]
[WhiteElo "2318"]
[BlackElo "2349"]
[PlyCount "66"]
[EventDate "2024.09.11"]
[WhiteTeam "Spain"]
[BlackTeam "Netherlands"]
[WhiteTeamCountry "ESP"]
[BlackTeamCountry "NED"]

1. e4 e6 2. d4 d5 3. Nc3 Nf6 4. e5 Nfd7 5. Nce2 c5 6. c3 Nc6 7. f4 a5 8. Nf3 ({RR} 8. a4 Qb6 9. Nf3 cxd4 10. cxd4 Bb4+ 11. Nc3 O-O 12. Bb5 Na7 13. Bd3 Qc6 14. Bd2 g6 15. h4 Re8 16. h5 Nf8 17. Nb5 Bd7 18. Bxb4 axb4 19. Rc1 Qb6 20. Nc7 Nc6 21. Nxa8 Rxa8 22. Bb5 Na5 {1-0 Vasquez Schroeder,R (2478)-Saya,E (2234) Titled Tue 7th May Early 2024 (2)}) 8... b6 ({RR} 8... a4 9. Be3 Be7 10. Qd2 O-O 11. h4 b5 12. dxc5 Nxc5 13. Bxc5 Bxc5 14. Ned4 Nxd4 15. cxd4 Be7 16. Kf2 b4 17. Rc1 Qb6 18. g4 Bd7 19. Kg3 Rfc8 20. Bd3 b3 21. a3 Rxc1 22. Rxc1 Rc8 23. Re1 {1-0 Duda,J (2743)-Caruana,F (2823) Chess.com Speed blitz 2020 (1.19)}) 9. g3 Be7 $146 ({RR} 9... Ba6 10. Bg2 Qc7 11. O-O g6 12. Rf2 h6 13. Be3 O-O-O 14. a3 b5 15. a4 b4 16. g4 c4 17. Ng3 b3 18. f5 gxf5 19. gxf5 Nb6 20. fxe6 fxe6 21. Bh3 Re8 22. Nh4 Qh7 23. Qh5 Kd8 24. Ng6 {1-0 Urbanc,V (1849)-Rubinstein,M (1931) Wch Seniors 65 24th 2014 (8)}) 10. Bh3 g6 11. O-O Ba6 12. Be3 h5 13. Rf2 Qc7 14. Ng5 Bxg5 15. fxg5 Bxe2 16. Qxe2 c4 17. Raf1 Rh7 18. b3 Ne7 19. Bd2 a4 20. bxc4 Qxc4 21. Qxc4 dxc4 22. Rb1 Ra5 23. Bf1 b5 24. a3 Nb6 25. Be1 Ned5 26. Rfb2 Nc7 27. h4 Kd7 28. Be2 Rh8 29. Bd2 Nbd5 30. Kg2 Ne7 31. Bf3 Ned5 32. Be2 Ne7 33. Bf3 Ned5 1/2-1/2

[Event "Olympiad Women 2024"]
[Site "Budapest HUN"]
[Date "2024.09.20"]
[Round "9.8"]
[Board "3"]
[White "Van Foreest, Machteld"]
[Black "Vega Gutierrez, Sabrina"]
[Result "0-1"]
[WhiteElo "2224"]
[BlackElo "2374"]
[PlyCount "138"]
[EventDate "2024.09.11"]
[WhiteTeam "Netherlands"]
[BlackTeam "Spain"]
[WhiteTeamCountry "NED"]
[BlackTeamCountry "ESP"]

1. e4 c5 2. Nf3 g6 3. d4 cxd4 4. Nxd4 Nc6 5. c4 Nf6 6. Nc3 d6 7. Be2 Nxd4 8. Qxd4 Bg7 9. Be3 O-O 10. Qd1 Bd7 ({RR} 10... a5 11. O-O Bd7 12. f4 Bc6 13. Bf3 a4 14. Rc1 Qa5 15. Nd5 Nxd5 16. exd5 Bd7 17. Rf2 Rfc8 18. Bg4 Bxg4 19. Qxg4 b5 20. c5 dxc5 21. f5 Qb4 22. Qf3 Bf6 23. fxg6 hxg6 24. Rcf1 Rd8 25. d6 {1-0 Moroni,L (2588)-Wieczorek,O (2500) Titled Tuesday intern op 15th Feb Late blitz 2022 (4)}) ({RR} 10... Qa5 11. O-O Be6 12. Rc1 Rfc8 13. b3 a6 14. a4 Rab8 15. Ba7 Ra8 16. Be3 Bd7 17. Bd4 Bc6 18. Bxf6 Bxf6 19. Nd5 Bxd5 20. exd5 Qb4 21. Rb1 Kh8 22. Bg4 Rg8 23. Qe1 Qc5 24. Qd2 Be5 25. Rfc1 {½-½ Mikheeva,G (2027)-Zhurova,A (2203) ch-RUS Junior Girls 2024 (4.8)}) 11. O-O Bc6 12. f3 a5 13. Qc2 $146 ({RR} 13. Kh1 a4 14. Qd2 Nd7 15. b4 axb3 16. axb3 Qc7 17. b4 b6 18. Bd4 Nf6 19. Qe3 Nd7 20. Bxg7 Kxg7 21. Rfc1 Kg8 22. Qd4 Rxa1 23. Rxa1 e5 24. Qd2 f5 25. exf5 Nf6 26. fxg6 e4 27. gxh7+ Kh8 {1-0 Memarian,M (2018)-De Reymaeker,W (2053) Maastricht Limburg op 2008 (7)}) ({RR} 13. Qd2 a4 14. b4 axb3 15. axb3 Rxa1 16. Rxa1 Bxe4 17. fxe4 Nxe4 18. Nxe4 Bxa1 19. Bf3 Qa8 20. Nc3 Qa3 21. Qc2 Ra8 22. Nb5 Qb4 23. Kf2 Bf6 24. Bd2 Qc5+ 25. Be3 Qe5 26. Bd4 Qxh2 27. Bxf6 exf6 {1-0 Ragnarsson,D (2400)-Williams,J (2340) Montreal Winter 2020 (6)}) ({RR} 13. Qd2 a4 14. Rac1 Nd7 15. b4 axb3 16. axb3 Nc5 17. Rb1 Ra3 18. Bd1 Qa8 19. Bc2 b6 20. Ne2 Qb7 21. b4 Ne6 22. c5 Bb5 23. Bb3 Bxe2 24. Qxe2 Nd4 25. Qd1 Rxb3 26. Rxb3 Nxb3 27. c6 Qxc6 {0-1 Horstmann,A (1710)-Wind,P (1872) Mittelfrankenliga-B2b 0506 2005 (4.5)}) 13... a4 14. b4 axb3 15. axb3 Qc7 16. b4 Bd7 17. Rfd1 b6 18. Bf1 Qb7 19. b5 Be6 20. Rxa8 Rxa8 21. Nd5 Bxd5 22. cxd5 Rc8 23. Qa2 Nd7 24. Rd3 Bc3 25. Qa3 Ba5 26. Bd4 Rc2 27. Rd1 Qc8 28. Qe3 Bb4 29. Bd3 Rc7 30. Qh6 f6 31. Ba1 Bc3 32. Qe3 Bxa1 33. Rxa1 Rc3 34. Qd4 Rc1+ 35. Kf2 Rxa1 36. Qxa1 Ne5 37. Be2 Qc5+ 38. Kf1 Nc4 39. Qa8+ Kf7 40. Bxc4 Qxc4+ 41. Kf2 Qxb5 42. Qh8 Qb2+ 43. Kf1 Qc1+ 44. Ke2 Qc2+ 45. Ke3 Qc1+ 46. Ke2 Qh6 47. h3 b5 48. Qb8 Qg5 49. g4 Qh4 50. Qxb5 Qxh3 51. Qd7 Qh2+ 52. Ke3 Qe5 53. Qc8 f5 54. gxf5 gxf5 55. Kd3 h5 56. exf5 Qxd5+ 57. Ke2 Qe5+ 58. Kf1 d5 59. Kg2 h4 60. f4 Qe4+ 61. Kh3 Qxf4 62. Qe6+ Kf8 63. Qc8+ Kg7 64. f6+ Qxf6 65. Qg4+ Kf8 66. Qd7 Kf7 67. Qd8 Qg5 68. Kh2 Qe5+ 69. Kh1 h3 0-1

[Event "Olympiad Women 2024"]
[Site "Budapest HUN"]
[Date "2024.09.20"]
[Round "9.8"]
[Board "4"]
[White "Matnadze Bujiashvili, Ann"]
[Black "Kazarian, Anna-Maja"]
[Result "1-0"]
[WhiteElo "2338"]
[BlackElo "2180"]
[PlyCount "69"]
[EventDate "2024.09.11"]
[WhiteTeam "Spain"]
[BlackTeam "Netherlands"]
[WhiteTeamCountry "ESP"]
[BlackTeamCountry "NED"]

1. b3 d5 2. Bb2 Nf6 3. e3 c5 4. Nf3 Bf5 5. Bb5+ Nbd7 6. O-O a6 7. Bxd7+ ({RR} 7. Be2 e6 8. d4 h6 9. Nbd2 Be7 10. c4 cxd4 11. Nxd4 Bh7 12. Rc1 O-O 13. cxd5 Nxd5 14. Nc4 Rc8 15. Bf3 Nc5 16. Qd2 Ne4 17. Qe2 b5 18. Bxe4 Bxe4 19. Ne5 Bf6 20. Nec6 Qb6 21. f3 Bg6 {0-1 Nihal,S (2648)-Aronyak,G (2494) Junior Speed Qual blitz 2022 (1.37)}) 7... Qxd7 8. Ne5 Qc8 $146 ({RR} 8... Qc7 9. d3 e6 10. g4 Bd6 11. f4 Bg6 12. h4 h6 13. Nxg6 fxg6 14. g5 Ng8 15. Qg4 Qf7 16. Be5 Kd7 17. Nc3 Kc6 18. Ne2 Ne7 19. e4 Qg8 20. b4 b6 21. bxc5 bxc5 22. Rab1 hxg5 23. Bxd6 {1-0 Hutter,O (2220)-Stephan,E Mittelfranken-ch 1992 (5)}) ({RR} 8... Qc7 9. d3 Nd7 10. Qf3 e6 11. Nxf7 Kxf7 12. e4 Ne5 13. Qf4 Bd6 14. exf5 Rhf8 15. Re1 d4 16. fxe6+ Kg8 17. Qe4 Qe7 18. Nd2 Qg5 19. Re2 Rae8 20. g3 Ng6 21. Qg2 Qh6 22. Rae1 Rf6 23. Ne4 {1-0 Karlsson,L (2405)-Lputian,S (2445) Yerevan 1980 (15)}) ({RR} 8... Qc7 9. f4 e6 10. d3 Be7 11. Nd2 h6 12. Ndf3 Rd8 13. Qe2 O-O 14. Kh1 Nd7 15. Nxd7 Qxd7 16. Ne5 Qc7 17. e4 Bh7 18. g3 f6 19. Nf3 e5 20. a4 g5 21. fxg5 hxg5 22. Nd2 b5 23. axb5 {½-½ Elkina,Y-Kurjaeva,A (1720) Dimitrovgrad Petrosian Memorial op 2011 (9)}) 9. d3 Nd7 10. Nd2 Nxe5 11. Bxe5 f6 12. Bg3 h5 13. h4 e5 14. e4 Bg4 15. f3 Be6 16. exd5 Bxd5 17. Re1 Be7 18. Qe2 Qd7 19. Nc4 Bxc4 20. bxc4 b5 21. Bf2 Kf7 22. Qe4 g6 23. Rad1 Rhe8 24. g4 hxg4 25. fxg4 Rac8 26. g5 fxg5 27. Re3 g4 28. h5 Rg8 29. Rf1 Ke8 30. Qxe5 Kd8 31. h6 Rf8 32. h7 Qe8 33. Rfe1 Rc7 34. Qxc7+ Kxc7 35. Rxe7+ 1-0

[Event "Olympiad Women 2024"]
[Site "Budapest HUN"]
[Date "2024.09.20"]
[Round "9.9"]
[Board "1"]
[White "Stefanova, Antoaneta"]
[Black "Pham, Le Thao Nguyen"]
[Result "0-1"]
[WhiteElo "2416"]
[BlackElo "2380"]
[PlyCount "120"]
[EventDate "2024.09.11"]
[WhiteTeam "Bulgaria"]
[BlackTeam "Vietnam"]
[WhiteTeamCountry "BUL"]
[BlackTeamCountry "VIE"]

1. d4 d5 2. c4 c6 3. Nf3 Nf6 4. Qb3 g6 5. Nc3 Bg7 6. cxd5 Nxd5 7. e4 Nb6 8. Be3 O-O 9. Rd1 Be6 10. d5 cxd5 11. exd5 Bg4 12. Be2 N8d7 13. h3 $146 ({RR} 13. O-O Bxf3 14. Bxf3 Qc7 15. Be2 Rfc8 16. Rc1 Bxc3 17. Rxc3 Qd6 18. Rfc1 Rxc3 19. bxc3 Qxd5 20. c4 Qe6 21. Bf3 Ne5 22. Bxb7 Rb8 23. Ba6 Nbd7 24. Qa3 Ng4 25. Bf4 Rb6 26. Bb5 a6 27. Ba4 Qf5 {0-1 Tong,T (2151)-Hoang,T (2210) Ho Chi Minh City HD Bank op 4th 2014 (8)}) ({RR} 13. O-O Nf6 14. a4 Nc8 15. Qxb7 Nd6 16. Qa6 Qc8 17. Qxc8 Rfxc8 18. Bd4 Nfe4 19. Nxe4 Nxe4 20. h3 Bd7 21. Bxg7 Kxg7 22. Rd4 Nd6 23. Ne5 Be8 24. Ra1 Rab8 25. b4 Nf5 26. Re4 Rd8 27. Nc6 Bxc6 {1-0 Nugumanov,B (2317)-Mikhailova,I (2216) Titled Tue 22nd Aug Early 2023 (6)}) ({RR} 13. O-O Nc8 14. Ne4 Nd6 15. Nxd6 exd6 16. Qb4 Ne5 17. Nd4 Bxe2 18. Nxe2 Rc8 19. b3 Rc2 20. Rd2 Rxd2 21. Qxd2 a6 22. Rc1 Ng4 23. Bg5 Qb6 24. Qf4 Ne5 25. Qe3 Qa5 26. Qd2 Qxd2 27. Bxd2 Re8 {1-0 Larino Nieto,D (2469)-Argandona Riveiro,I (2385) Elgoibar 18th 2008 (3)}) 13... Bxf3 14. Bxf3 Ne5 15. Be2 Rc8 16. Bd4 Nec4 17. h4 Nd6 18. h5 Qd7 19. Bxg7 Kxg7 20. Rd4 Qf5 21. Rdh4 h6 22. hxg6 fxg6 23. f4 h5 24. Qd1 Rh8 25. O-O Qf6 26. Rh3 Nbc4 27. Bxc4 Rxc4 28. Qe2 Rf8 29. Re3 Rc7 30. Ne4 Nxe4 31. Rxe4 Rd7 32. Re6 Qd4+ 33. Kh1 Qxd5 34. Rxe7+ Rxe7 35. Qxe7+ Rf7 36. Qa3 Qc4 37. Qc3+ Qxc3 38. bxc3 Rc7 39. Rf3 Kf6 40. Kh2 Kf5 41. Kg3 Rc4 42. Rd3 Ke4 43. Rf3 Rc5 44. c4 Ra5 45. Kh4 Rxa2 46. Rg3 Kf5 47. Rg5+ Kf6 48. g4 hxg4 49. Rb5 b6 50. c5 Ra5 51. Rb1 Rxc5 52. Kxg4 g5 53. Ra1 Ra5 54. fxg5+ Kg6 55. Rd1 Ra4+ 56. Kf3 Kxg5 57. Rd7 Kf5 58. Ke3 Ke6 59. Rd8 Rc4 60. Kd3 Rc7 0-1

[Event "Olympiad Women 2024"]
[Site "Budapest HUN"]
[Date "2024.09.20"]
[Round "9.9"]
[Board "2"]
[White "Vo, Thi Kim Phung"]
[Black "Salimova, Nurgyul"]
[Result "1/2-1/2"]
[WhiteElo "2320"]
[BlackElo "2412"]
[PlyCount "107"]
[EventDate "2024.09.11"]
[WhiteTeam "Vietnam"]
[BlackTeam "Bulgaria"]
[WhiteTeamCountry "VIE"]
[BlackTeamCountry "BUL"]

1. e4 d6 2. d4 Nf6 3. Nc3 e5 4. Nf3 Nbd7 5. Bc4 Be7 6. O-O O-O 7. a4 c6 8. h3 a5 9. Re1 exd4 10. Qxd4 Nc5 11. Bf4 Ne6 12. Bxe6 Bxe6 13. e5 $146 ({RR} 13. Rad1 d5 14. exd5 Nxd5 15. Be5 Bf6 16. Ne4 Bxe5 17. Qxe5 Qb8 18. Nc5 Qxe5 19. Rxe5 Bc8 20. c4 Nf4 21. Re7 b6 22. Nd7 Bxd7 23. Rdxd7 Ng6 24. Re1 Rab8 25. Nd4 c5 26. Nf5 Rfd8 27. Rc7 Rbc8 {1-0 Hernandez Guerrero,G (2362)-Tratar,M (2451) Internet Section 17-A blitz 2003 (5)}) ({RR} 13. Rad1 Ne8 14. Qe3 Qb8 15. Nd4 Bf6 16. Nxe6 fxe6 17. e5 dxe5 18. Bxe5 Bxe5 19. Qxe5 Qxe5 20. Rxe5 Nc7 21. Ne4 Rf5 22. Rxf5 exf5 23. Nc5 b6 24. Nd7 b5 25. Rd6 bxa4 26. Nb6 Re8 27. Rxc6 Re1+ {½-½ Volokitin,A (2627)-Miroshnichenko,E (2609) ROM-chT Calimanesti 2014 (8.5)}) ({RR} 13. Rad1 d5 14. Ng5 c5 15. Qd2 d4 16. Nxe6 fxe6 17. Nb5 Qd7 18. Bh2 b6 19. c3 Qc6 20. Qe2 dxc3 21. bxc3 Rad8 22. Rxd8 Rxd8 23. e5 Nd5 24. Qg4 Rf8 25. Bg3 Rf5 26. Qc4 h5 27. Nd4 b5 {1-0 Vasquez Toledo,C (2303)-Filgueira,H (2283) Titled Tue 9th Jul Late 2024 (8)}) ({RR} 13. Rad1 Ne8 14. Qe3 h6 15. Rd2 Ra6 16. Nd5 cxd5 17. exd5 Nc7 18. dxe6 Nxe6 19. Nd4 Nxf4 20. Qxe7 Qxe7 21. Rxe7 Rb6 22. Nb5 Rd8 23. b3 Kf8 24. Re4 Ne6 25. Re3 Rc6 26. Red3 Ke7 27. Na3 g6 {1-0 Kveinys,A (2541)-Biti,O (2320) Nova Gorica op-A 08th 2003 (6)}) ({RR} 13. Rad1 d5 14. exd5 Nxd5 15. Nxd5 Qxd5 16. Qxd5 cxd5 17. Bg5 Bc5 18. Be3 Be7 19. Bd4 Rfc8 20. c3 Rc4 21. Ra1 h6 22. Ne5 Rcc8 23. Nd3 Ra6 24. Re3 Bd6 25. Ne5 Bxe5 26. Rxe5 f6 27. Re3 Kf7 {½-½ Perez Ponsa,F (2547)-Lorenzini,M (2423) ARG-ch 93rd Villa Martelli 2018 (5)}) 13... dxe5 14. Bxe5 Qxd4 15. Nxd4 Bd7 16. Ne4 Nxe4 17. Rxe4 Rfe8 18. Rae1 Bf8 19. c4 Rec8 20. g4 Ra6 21. b3 Re8 22. Bc7 Rxe4 23. Rxe4 Ra8 24. Bb6 g6 25. Nf3 f6 26. Rd4 Be8 27. Rd8 Rxd8 28. Bxd8 Bb4 29. Bxf6 b5 30. axb5 cxb5 31. cxb5 Bxb5 32. Nd4 Be8 33. Bd8 Bf7 34. Nc6 Bd5 35. Bxa5 Bxc6 36. Bxb4 Bd5 37. Bd2 Bxb3 38. Bh6 Kf7 39. Kg2 Bd5+ 40. Kg3 Bc6 41. Kh4 Bg2 42. Kg3 Bc6 43. Kf4 Bb7 44. Kg5 Bg2 45. h4 Bf3 46. h5 Be2 47. Kh4 Bf3 48. Bd2 Be2 49. Kg5 Bf3 50. Bc3 Be2 51. f4 Bd1 52. f5 gxf5 53. Kxf5 Bc2+ 54. Kg5 1/2-1/2

[Event "Olympiad Women 2024"]
[Site "Budapest HUN"]
[Date "2024.09.20"]
[Round "9.9"]
[Board "3"]
[White "Radeva, Viktoria"]
[Black "Luong Phuong Hanh"]
[Result "1-0"]
[WhiteElo "2297"]
[BlackElo "2225"]
[PlyCount "57"]
[EventDate "2024.09.11"]
[WhiteTeam "Bulgaria"]
[BlackTeam "Vietnam"]
[WhiteTeamCountry "BUL"]
[BlackTeamCountry "VIE"]

1. e4 c5 2. Nf3 e6 3. c3 Nf6 4. Bd3 Nc6 5. Bc2 Qc7 6. O-O d5 7. exd5 Nxd5 8. d4 cxd4 9. Nxd4 Nxd4 10. Qxd4 Bd7 11. Re1 ({RR} 11. Nd2 Bc6 12. Nf3 a6 13. Ne5 O-O-O 14. Nxc6 Qxc6 15. Be4 Qc5 16. Qa4 Bd6 17. Bf3 Bc7 18. g3 h5 19. Qb3 h4 20. c4 hxg3 21. hxg3 Nb6 22. Bg2 Qf5 23. c5 Rd3 24. Qc2 Nd5 25. Rd1 Nb4 {½-½ Matlakov,M (2674)-Saric,I (2695) Chess.com Rapid Wk10 Swiss 2022 (8)}) 11... Bc6 12. Nd2 Bd6 13. Nf3 Nf6 $146 ({RR} 13... Ne7 14. Be4 Bxe4 15. Qxe4 Qc6 16. Qxc6+ Nxc6 17. Be3 Ke7 18. g3 Rhd8 19. Nd4 Nxd4 20. Bxd4 f6 21. f4 b6 22. Re4 Kf7 23. Rae1 Re8 24. a4 h6 25. h4 Rac8 26. a5 bxa5 27. Ra1 Rb8 28. Re2 {0-1 Kucharski,B (1998)-Sygulski,P (2035) ch-Malopolska 2024 (3.32)}) 14. Ne5 O-O-O 15. Bf4 Ng4 16. Nxc6 Bxf4 17. Nxd8 Rxd8 18. Qxa7 Bxh2+ 19. Kf1 Qc4+ 20. Re2 Rd2 21. Bd1 Bc7 22. Ke1 Rxb2 23. Qa8+ Bb8 24. Rxb2 Qxc3+ 25. Rd2 Qe5+ 26. Re2 Qh2 27. Rc1+ Kd8 28. Rd2+ Ke8 29. Bxg4 1-0

[Event "Olympiad Women 2024"]
[Site "Budapest HUN"]
[Date "2024.09.20"]
[Round "9.9"]
[Board "4"]
[White "Bach Ngoc Thuy Duong"]
[Black "Krasteva, Beloslava"]
[Result "1-0"]
[WhiteElo "2214"]
[BlackElo "2295"]
[PlyCount "117"]
[EventDate "2024.09.11"]
[WhiteTeam "Vietnam"]
[BlackTeam "Bulgaria"]
[WhiteTeamCountry "VIE"]
[BlackTeamCountry "BUL"]

1. d4 Nf6 2. c4 e6 3. Nc3 Bb4 4. Nf3 Bxc3+ 5. bxc3 d6 6. Qc2 Nbd7 ({RR} 6... Qe7 7. a4 c5 8. e4 e5 9. d5 Nbd7 10. h4 h6 11. Be2 Kd8 12. Nd2 Kc7 13. Nf1 g6 14. g4 a5 15. h5 gxh5 16. gxh5 Nb6 17. Ng3 Bd7 18. Qb3 Ne8 19. Be3 Ng7 20. Kd2 f5 21. exf5 {0-1 Fedoseev,V (2683)-Carlsen,M (2830) World Rapid 2023 (10.1)}) 7. e4 e5 8. Bd3 b6 $146 ({RR} 8... O-O 9. O-O h6 10. c5 Re8 11. cxd6 cxd6 12. Ba3 Nb6 13. dxe5 dxe5 14. Rfd1 Bd7 15. Bb5 Qc8 16. Bxd7 Nfxd7 17. c4 Nc5 18. Rd6 Qc7 19. Rad1 Rac8 20. Bxc5 Qxc5 21. a4 Qb4 22. Qa2 Qxa4 23. Qxa4 {0-1 Ghimoyan,N (2050)-Gevorgyan,D (2275) 16th Poti Open 2023 (8.10)}) ({RR} 8... O-O 9. O-O Re8 10. Re1 b6 11. a4 a5 12. Ba3 Qe7 13. Rab1 Ba6 14. Nh4 g6 15. g3 Nh5 16. Ng2 Qe6 17. Ne3 Nhf6 18. Nd5 Nxd5 19. cxd5 Bxd3 20. Qxd3 Qh3 21. Rb2 f5 22. Rbe2 f4 23. Rc2 {0-1 Lacrosse,M (2112)-Salinas Tomas,D (2355) 25th Sants Open 2024 (3.42)}) ({RR} 8... O-O 9. O-O Re8 10. h3 c5 11. Be3 b6 12. Nd2 cxd4 13. cxd4 exd4 14. Bxd4 Bb7 15. a4 Ne5 16. a5 bxa5 17. Qc3 Nxd3 18. Bxf6 Qxf6 19. Qxd3 Qe5 20. f3 Bc6 21. Nb3 a4 22. Nd4 Bd7 23. Nb5 {½-½ Koch-Muller,O (2055)-Bracker,F (2356) Bremen Silvester Open A 2022 (3.4)}) ({RR} 8... Qe7 9. O-O c5 10. d5 Nh5 11. Be3 Nf4 12. Bxf4 exf4 13. g3 Ne5 14. Nxe5 Qxe5 15. gxf4 Qxf4 16. f3 O-O 17. Qc1 Qxc1 18. Raxc1 Bh3 19. Rfe1 Rae8 20. f4 f6 21. Re3 Bd7 22. Rce1 g6 23. e5 {½-½ Podgorny,J-Zita,F Prague Duras 60years Memorial 1942 (2)}) 9. O-O Bb7 10. Bd2 O-O 11. Rae1 Re8 12. Nh4 Nf8 13. Nf5 Ng6 14. f4 exf4 15. Bxf4 Nxf4 16. Rxf4 Nh5 17. Rff1 Bc8 18. Qf2 Be6 19. Qf3 Nf6 20. Ne3 Nd7 21. e5 dxe5 22. Be4 f6 23. Bxa8 Qxa8 24. d5 Bf7 25. Qg4 Qd8 26. Nf5 Bg6 27. h4 Bxf5 28. Rxf5 Qe7 29. h5 h6 30. Re3 e4 31. Rf4 Nc5 32. Qg6 Kh8 33. Rg4 Rf8 34. Rgxe4 Nxe4 35. Rxe4 Qc5+ 36. Kh2 Qd6+ 37. Kh3 Qa3 38. Qg3 Qc5 39. Qe3 Qxe3+ 40. Rxe3 Kg8 41. Re6 Rf7 42. Kg4 Rd7 43. Kf5 Kf7 44. Rc6 Re7 45. g4 Re5+ 46. Kf4 Re7 47. c5 g6 48. hxg6+ Kxg6 49. c4 Kf7 50. a4 Kg6 51. a5 bxc5 52. Rxc5 Kf7 53. Rc6 Ke8 54. Rxf6 Rh7 55. Kf5 Kd7 56. Kg6 Rh8 57. Kh5 Re8 58. Rxh6 Re4 59. Rc6 1-0

[Event "Olympiad Women 2024"]
[Site "Budapest HUN"]
[Date "2024.09.20"]
[Round "9.10"]
[Board "1"]
[White "Kosteniuk, Alexandra"]
[Black "Mammadzada, Gunay"]
[Result "0-1"]
[WhiteElo "2483"]
[BlackElo "2433"]
[PlyCount "112"]
[EventDate "2024.09.11"]
[WhiteTeam "Switzerland"]
[BlackTeam "Azerbaijan"]
[WhiteTeamCountry "SUI"]
[BlackTeamCountry "AZE"]

1. e4 e5 2. Nf3 Nc6 3. Bb5 a6 4. Ba4 Nf6 5. O-O Be7 6. d3 b5 7. Bb3 d6 8. a3 Na5 9. Ba2 c5 10. c3 O-O 11. Nbd2 Nc6 12. Re1 h6 13. Nf1 Re8 14. Ng3 ({RR} 14. Ne3 Bf8 15. b4 Be6 16. Nd5 Rc8 17. Bd2 Bxd5 18. exd5 Ne7 19. c4 Nf5 20. a4 bxa4 21. bxc5 Rxc5 22. Qxa4 e4 23. dxe4 Nxe4 24. Bb4 Rc8 25. Qc2 Qf6 26. h3 Nd4 27. Nxd4 Qxd4 28. Rad1 Qb6 {1-0 Carlsen,M (2837)-Ding,L (2774) Saint Louis Carlsen-Ding Showdown G10 blitz 2017 (7)}) 14... Bf8 15. h3 Be6 16. d4 $146 ({RR} 16. Bxe6 Rxe6 17. a4 Re8 18. d4 cxd4 19. cxd4 exd4 20. Nxd4 Nxd4 21. Qxd4 Rc8 22. axb5 axb5 23. Qd3 d5 24. e5 Ne4 25. Nxe4 Rxe5 26. Bxh6 dxe4 27. Qxd8 Rxd8 28. Bf4 Ree8 29. g4 Bd6 30. Bxd6 Rxd6 {1-0 Korneev,O (2533)-Balajayeva,K (2338) Nakhchivan op 2018 (4)}) 16... Bxa2 17. Rxa2 cxd4 18. cxd4 d5 19. Nxe5 Nxe5 20. dxe5 Nxe4 21. Bf4 g5 22. Nxe4 dxe4 23. Bg3 Qxd1 24. Rxd1 Bg7 25. Rd6 h5 26. a4 h4 27. Bh2 Rac8 28. Ra1 Rc2 29. Rxa6 Rec8 30. Kf1 Rxb2 31. axb5 Rcc2 32. Bg1 Bxe5 33. Rc6 Rd2 34. Rc5 f6 35. b6 Rxb6 36. Re1 Rbb2 37. Rcc1 Bh2 38. Rcd1 Rxd1 39. Rxd1 Bf4 40. Re1 f5 41. Ra1 Kf7 42. Rd1 Kg6 43. Ra1 Bd2 44. f3 e3 45. f4 g4 46. Ke2 Bc1+ 47. Kd3 Rd2+ 48. Kc4 e2 49. Ra6+ Kh5 50. hxg4+ fxg4 51. Ra5+ Kg6 52. f5+ Kf7 53. Re5 Rd1 54. Bf2 h3 55. gxh3 gxh3 56. Bg3 e1=Q 0-1